Doesn't Begin, or End in RED Quiz Stats

 Plays Quiz Updated Dec 11, 2017

Score 0/11 Timer 02:00
1 Play Today
% Correct
Uredia
86.1%
Uredos
85.7%
Foredo
85.1%
Credit
84.9%
Credos
84.9%
Predry
84.4%
Credal
84.3%
Bredes
84.1%
Teredo
84%
Dredge
83.9%
Shreds
79.2%

You're not logged in!

Compare scores with friends on all Sporcle quizzes.
OR
Log In

You Might Also Like...

Show Comments

Extras

Top Quizzes Today


Score Distribution

Your Account Isn't Verified!

In order to create a playlist on Sporcle, you need to verify the email address you used during registration. Go to your Sporcle Settings to finish the process.

Report this User

Report this user for behavior that violates our Community Guidelines.

Details: